000 nam a22 7a 4500
999 _c95070
_d95069
005 20180601183527.0
008 180601b ||||| |||| 00| 0 eng d
041 _aTamil
080 _a89T-1PAS/C
_bPAR
100 _aPasumaniyan
245 _aSeenathupparani
_cby Pasumaniyan
260 _aThenkashi
_bMuthu Nilayam
_c1965
300 _a64 p.
653 _aTamil Literature
942 _cBK